000 00535nam a22001697a 4500
999 _c14838
_d14838
003 OSt
005 20200110151933.0
008 200110b ||||| |||| 00| 0 eng d
040 _c2
082 _aDPer 364.05 J82 2011 v. 101, n. 3
100 _941198
_aDeVore, Charlie.
245 _aSymposium:
_bPrevention Detention/
_cCharlie DeVore.
260 _aEvanston:
_bNorthwestern University Press,
_c©2011.
300 _av101 n3, pages 727-728;
_c25 cm.
500 _aThe Journal of criminal law and criminology.
942 _2ddc
_cPER